[Event "POL-chT U19 40th"]
[Site "Chotowa"]
[Date "2009.07.??"]
[Round "7"]
[White "Scibior, Adam"]
[Black "Matuszczyk, Przemyslaw"]
[Result "0-1"]
[WhiteElo "2179"]
[BlackElo "2098"]
[PlyCount "64"]
[EventDate "2009.07.06"]
[EventType "team-tourn"]
[EventRounds "9"]
[EventCountry "POL"]
[SourceTitle "EXT 2012"]
[Source "ChessBase"]
[SourceDate "2011.11.24"]
[SourceVersion "1"]
[SourceVersionDate "2011.11.24"]
[SourceQuality "1"]
[WhiteTeam "Poznan UMKS Na Pieterku U19"]
[BlackTeam "Rybnik MKSz U19"]
[WhiteTeamCountry "POL"]
[BlackTeamCountry "POL"]

1. d4 d5 2. c4 c6 3. Nf3 Nf6 4. Nc3 dxc4 5. a4 Na6 6. e3 Bg4 7. Bxc4 e6 8. 0-0 Nb4 9. Qe2 Be7 10. Rd1 0-0 11. b3 Qc7 12. h3 Bh5 13. e4 Rfd8 14. g4 Bg6 15. Ne5 Nd7 16. Nxd7 Rxd7 17. Be3 h6 18. f4 Rad8 19. Qf2 Bh7 20. Kh1 b5 21. Bf1 a6 22. Bg2 Qb8 23. f5 e5 24. Rac1 exd4 25. Bxd4 c5 26. Bxc5 Bxc5 27. Qxc5 Nd3 28. Rxd3 Rxd3 29. Nd5 Kh8 30. axb5 axb5 31. Nb4 Rd1+ 32. Bf1 Qf4 0-1

[Event "POL-chT U19 40th"]
[Site "Chotowa"]
[Date "2009.07.??"]
[Round "9"]
[White "Scibior, Adam"]
[Black "Wandzik, Wojciech"]
[Result "1/2-1/2"]
[WhiteElo "2179"]
[BlackElo "2070"]
[PlyCount "150"]
[EventDate "2009.07.06"]
[EventType "team-tourn"]
[EventRounds "9"]
[EventCountry "POL"]
[SourceTitle "EXT 2012"]
[Source "ChessBase"]
[SourceDate "2011.11.24"]
[SourceVersion "1"]
[SourceVersionDate "2011.11.24"]
[SourceQuality "1"]
[WhiteTeam "Poznan UMKS Na Pieterku U19"]
[BlackTeam "Gliwice Politechnika Slaska U19"]
[WhiteTeamCountry "POL"]
[BlackTeamCountry "POL"]

1. d4 d5 2. c4 e6 3. Nc3 Nf6 4. cxd5 exd5 5. Bg5 Bb4 6. e3 h6 7. Bh4 0-0 8. Bd3 c5 9. a3 cxd4 10. axb4 dxc3 11. bxc3 Be6 12. Ne2 Nbd7 13. 0-0 a5 14. Nd4 axb4 15. cxb4 Qb6 16. Bb5 Ne4 17. Nxe6 Qxe6 18. Bxd7 Qxd7 19. Qd3 Qe6 20. Rfd1 Rxa1 21. Rxa1 Rc8 22. f3 Nd6 23. Bf2 Qe5 24. Rd1 Rc3 25. Qxd5 Qxd5 26. Rxd5 Rc1+ 27. Be1 Rxe1+ 28. Kf2 Rb1 29. Rxd6 Rxb4 30. e4 Rb2+ 31. Kg3 g6 32. Rd7 Kg7 33. e5 Kf8 34. Rc7 g5 35. Kh3 Rb6 36. Kg4 Kg7 37. Kf5 Kg8 38. g3 Kg7 39. f4 gxf4 40. gxf4 Rb5 41. Kg4 Kg8 42. Kh5 Kg7 43. h4 Rb4 44. f5 Rf4 45. f6+ Kg8 46. Rxb7 Re4 47. Kxh6 Rxh4+ 48. Kg5 Rh1 49. Kf5 Re1 50. Kf4 Rd1 51. Ke4 Rd8 52. Rb3 Kf8 53. Rh3 Kg8 54. Rd3 Ra8 55. Rd7 Kf8 56. Kd5 Ke8 57. Re7+ Kf8 58. Rc7 Rd8+ 59. Kc6 Kg8 60. Rd7 Ra8 61. Kd6 Ra6+ 62. Kc7 Ra5 63. Re7 Ra1 64. Re8+ Kh7 65. Kd6 Kg6 66. Rg8+ Kf5 67. Ke7 Ra7+ 68. Kf8 Kxe5 69. Kg7 Ra6 70. Rb8 Ra7 71. Re8+ Kf5 72. Re7 Ra1 73. Rb7 Ra6 74. Rxf7 Kg5 75. Rf8 Rb6 1/2-1/2

[Event "Poznan Pocztowiec-ch op"]
[Site "Poznan"]
[Date "2008.10.17"]
[Round "7.3"]
[White "Musialkiewicz, Pawel"]
[Black "Scibior, Adam"]
[Result "0-1"]
[WhiteElo "1869"]
[BlackElo "2226"]
[PlyCount "42"]
[EventDate "2008.10.03"]
[EventType "swiss"]
[EventRounds "9"]
[EventCountry "POL"]
[SourceTitle "EXT 2023"]
[Source "ChessBase"]
[SourceDate "2022.10.05"]
[SourceVersion "1"]
[SourceVersionDate "2022.10.05"]
[SourceQuality "1"]

1. d4 Nf6 2. c4 e6 3. Nf3 Bb4+ 4. Bd2 Qe7 5. a3 Bxd2+ 6. Nbxd2 d6 7. e4 e5 8. d5 0-0 9. Bd3 Nh5 10. 0-0 g6 11. Ne1 Nf4 12. Kh1 f5 13. f3 Nd7 14. b4 a5 15. g3 Nh3 16. Ng2 Nf6 17. Nb3 fxe4 18. Bxe4 Nxe4 19. fxe4 Nf2+ 20. Rxf2 Rxf2 21. Kg1 Qf7 0-1

[Event "Poznan Pocztowiec-ch op"]
[Site "Poznan"]
[Date "2008.10.04"]
[Round "2.2"]
[White "Scibior, Adam"]
[Black "Kaczmarek, Piotr1111"]
[Result "1/2-1/2"]
[WhiteElo "2226"]
[BlackElo "1870"]
[PlyCount "61"]
[EventDate "2008.10.03"]
[EventType "swiss"]
[EventRounds "9"]
[EventCountry "POL"]
[SourceTitle "EXT 2023"]
[Source "ChessBase"]
[SourceDate "2022.10.05"]
[SourceVersion "1"]
[SourceVersionDate "2022.10.05"]
[SourceQuality "1"]

1. Nf3 Nf6 2. c4 g6 3. d4 Bg7 4. g3 0-0 5. Bg2 d6 6. Nc3 Nc6 7. 0-0 a6 8. h3 Rb8 9. e4 b5 10. cxb5 axb5 11. Re1 e6 12. Bg5 h6 13. Bxf6 Qxf6 14. e5 Qe7 15. Nh2 Bd7 16. f4 d5 17. Nf3 Na5 18. Ne2 Rfc8 19. Kh2 b4 20. Rc1 b3 21. axb3 Nxb3 22. Rc3 Ba4 23. Nc1 Qb4 24. Nxb3 Bxb3 25. Qc1 Ba4 26. Re2 Qb6 27. b3 Bd7 28. Rec2 Be8 29. Ra2 Bf8 30. Bf1 Ra8 31. Rxa8 1/2-1/2

[Event "Polanica Zdroj op-A 44th"]
[Site "Polanica Zdroj"]
[Date "2008.08.28"]
[Round "10"]
[White "Kulon, Klaudia"]
[Black "Scibior, Adam"]
[Result "0-1"]
[WhiteElo "2217"]
[BlackElo "2157"]
[PlyCount "108"]
[EventDate "2008.08.19"]
[EventType "swiss"]
[EventRounds "10"]
[EventCountry "POL"]
[SourceTitle "CBM 126 Extra"]
[Source "ChessBase"]
[SourceDate "2008.11.05"]
[SourceVersion "1"]
[SourceVersionDate "2008.11.05"]
[SourceQuality "1"]

1. e4 e6 2. d4 d5 3. Nc3 Nf6 4. Bg5 Be7 5. e5 Nfd7 6. Bxe7 Qxe7 7. f4 a6 8. Nf3 c5 9. Qd2 Nc6 10. dxc5 Qxc5 11. Bd3 b5 12. a3 Bb7 13. Qf2 h6 14. h4 Rc8 15. Ne2 Qxf2+ 16. Kxf2 Na5 17. b3 Ke7 18. Ned4 Nc6 19. Ke3 Nxd4 20. Nxd4 g5 21. g3 Rcg8 22. Rag1 gxf4+ 23. gxf4 f6 24. exf6+ Nxf6 25. Kd2 Nh5 26. Re1 Nxf4 27. Rhf1 Rg4 28. Bf5 Rxh4 29. Bxe6 Kd8 30. Bf7 Rf8 31. Bg6 Kd7 32. Bf5+ Kd6 33. Kc3 Bc8 34. Bd3 Nxd3 35. cxd3 Rhf4 36. Rxf4 Rxf4 37. Re8 Bd7 38. Ra8 Ke5 39. Nc2 d4+ 40. Kb2 Rf6 41. Nb4 h5 42. Nxa6 h4 43. Nc5 Rf2+ 44. Kc1 Bf5 45. Re8+ Kf4 46. Ne4 Bxe4 47. Rxe4+ Kg3 48. Re8 h3 49. Rg8+ Kf3 50. Rf8+ Kg2 51. Rg8+ Kf1 52. Rh8 h2 53. Kd1 Kg1 54. Ke1 Rg2 0-1

[Event "Polanica Zdroj op-A 44th"]
[Site "Polanica Zdroj"]
[Date "2008.08.26"]
[Round "8"]
[White "Warakomska, Anna"]
[Black "Scibior, Adam"]
[Result "1-0"]
[WhiteElo "2211"]
[BlackElo "2157"]
[PlyCount "65"]
[EventDate "2008.08.19"]
[EventType "swiss"]
[EventRounds "10"]
[EventCountry "POL"]
[SourceTitle "CBM 126 Extra"]
[Source "ChessBase"]
[SourceDate "2008.11.05"]
[SourceVersion "1"]
[SourceVersionDate "2008.11.05"]
[SourceQuality "1"]

1. e4 e6 2. d4 d5 3. Nd2 Nf6 4. e5 Nfd7 5. c3 c5 6. Bd3 Nc6 7. Ne2 cxd4 8. cxd4 f6 9. exf6 Qxf6 10. Nf3 h6 11. 0-0 Bd6 12. Bb1 0-0 13. Qd3 Rd8 14. g3 Nf8 15. Bf4 e5 16. dxe5 Bxe5 17. Nxe5 Nxe5 18. Bxe5 Qxe5 19. Nd4 Bg4 20. Bc2 Rac8 21. f4 Qf6 22. b3 Rc5 23. Rae1 Rdc8 24. f5 Rc3 25. Qd2 Bh5 26. Bb1 Bf7 27. Ne6 R3c6 28. Qxd5 Re8 29. Qd2 Bxe6 30. fxe6 Qe7 31. Be4 Rd6 32. Qf4 Nxe6 33. Qf5 1-0

[Event "Polanica Zdroj op-A 44th"]
[Site "Polanica Zdroj"]
[Date "2008.08.25"]
[Round "7"]
[White "Scibior, Adam"]
[Black "Goluch, Piotr"]
[Result "1-0"]
[WhiteElo "2157"]
[BlackElo "2019"]
[PlyCount "85"]
[EventDate "2008.08.19"]
[EventType "swiss"]
[EventRounds "10"]
[EventCountry "POL"]
[SourceTitle "CBM 126 Extra"]
[Source "ChessBase"]
[SourceDate "2008.11.05"]
[SourceVersion "1"]
[SourceVersionDate "2008.11.05"]
[SourceQuality "1"]

1. Nf3 Nf6 2. c4 g6 3. d4 Bg7 4. g3 0-0 5. Bg2 d6 6. 0-0 Nbd7 7. Nc3 e5 8. e4 c6 9. h3 Qa5 10. Be3 Nb6 11. Qd3 exd4 12. Nxd4 Qa6 13. b3 d5 14. exd5 Nbxd5 15. Bd2 Ne7 16. Bg5 Nf5 17. Nf3 h6 18. Bf4 Be6 19. Rad1 Qa5 20. Qc2 Rfd8 21. Rfe1 Rxd1 22. Rxd1 Rd8 23. g4 Rxd1+ 24. Nxd1 Ne7 25. Bd2 Qd8 26. Ne3 Nd7 27. Bc3 Nc5 28. Bxg7 Kxg7 29. b4 Nd3 30. Qc3+ f6 31. h4 Nf4 32. Bf1 h5 33. g5 Nf5 34. Nxf5+ Bxf5 35. Qe3 Ne6 36. Qxa7 fxg5 37. Qxb7+ Kh6 38. Ne5 Qd1 39. Nf7+ Kg7 40. Nxg5+ Kf6 41. Nh7+ Ke5 42. Qb8+ Ke4 43. Nf6+ 1-0